Representative modern plays, British /

Bibliographic Details
Main Author: Warnock, Robert, 1907-
Format: Book
Language:English
Published: Chicago : Scott, Foresman, [1953]
Series:Key editions.
Subjects:

MARC

Tag First Indicator Second Indicator Subfields
LEADER 00000cam a2200000 4500
001 in00000420522
005 20151012060526.0
008 740308s1953 ilua b 00010 eng
010 |a  53000421  
035 |a (OCoLC)00824993 
035 |9 ABV3253AM 
040 |a DLC  |c BUF  |d SER  |d TXA  |d UtOrBLW 
049 |a TXAM  |c [A09800551] 
050 0 0 |a PR1272  |b .W3 
082 0 |a 822.91082 
100 1 |a Warnock, Robert,  |d 1907- 
245 1 0 |a Representative modern plays, British /  |c [edited by] Robert Warnock. 
264 1 |a Chicago :  |b Scott, Foresman,  |c [1953] 
264 4 |c ©1953 
300 |a 710 pages :  |b illustrations ;  |c 20 cm. 
336 |a text  |b txt  |2 rdacontent 
337 |a unmediated  |b n  |2 rdamedia 
338 |a volume  |b nc  |2 rdacarrier 
490 1 |a Key editions 
504 |a Bibliography: pages [700]-702. 
504 |a "Plays by the authors in this book": pages [703]-710. 
505 0 |a Introduction: Modern American drama.--The admirable Crichton, by J. M. Barrie.--The doctor's dilemma, by B. Shaw.--Loyalties, by J. Galsworthy.--Riders to the sea, by J. M. Synge.--Juno and the paycock, by S. O'Casey.--The constant wife, by W. S. Maugham.--The blithe spirit, by N. Coward.--Murder in the cathedral, by T. S. Eliot.--A phoenix too frequent, by C. Fry. 
650 0 |a English drama  |y 20th century. 
830 0 |a Key editions. 
999 |a MARS 
999 f f |s 2d8cd0fc-7a43-3dbc-ad8e-96b89aa61fa4  |i f1b4525d-54a5-310d-a3a0-22f2fd58111e  |t 0 
952 f f |p normal  |a Texas A&M University  |b College Station  |c Sterling C. Evans Library  |d Evans: Library Stacks  |t 0  |e PR1272 .W3  |h Library of Congress classification  |i unmediated -- volume  |m A14809800551 
998 f f |a PR1272 .W3  |t 0  |l Evans: Library Stacks